FAO plant production and protection paper; N159 Proceedings of the Regional Technical Meeting on Seed Policy and Programmes in the Near East and North Africa, Larnaca, Cyrus, 27 June-2 July 1999,Seed policy and programmes in the Near East and North Africa, 2000

This document would also advise on the proper and effective ways to involve the private sector in the efforts to strengthen the seed industry in the rigion.

Đã lưu trong:
Sonraí Bibleagrafaíochta
Príomhúdar: FAO
Formáid: Leabhar
Teanga:Undetermined
Foilsithe: Rome FAO 2000
Ábhair:
Clibeanna: Cuir Clib Leis
Gan Chlibeanna, Bí ar an gcéad duine leis an taifead seo a chlibeáil!
Thư viện lưu trữ: Trung tâm Học liệu Trường Đại học Cần Thơ
LEADER 00872nam a2200205Ia 4500
001 CTU_40330
008 210402s9999 xx 000 0 und d
082 |a 632 
082 |b F218/N159 
100 |a FAO 
245 0 |a FAO plant production and protection paper; N159 
245 0 |b Proceedings of the Regional Technical Meeting on Seed Policy and Programmes in the Near East and North Africa, Larnaca, Cyrus, 27 June-2 July 1999,Seed policy and programmes in the Near East and North Africa, 2000 
245 0 |c FAO 
260 |a Rome 
260 |b FAO 
260 |c 2000 
520 |a This document would also advise on the proper and effective ways to involve the private sector in the efforts to strengthen the seed industry in the rigion. 
650 |a seeds 
904 |i Nguyễn Quang Điền, 010228 
980 |a Trung tâm Học liệu Trường Đại học Cần Thơ